00381nam a2200121Ia 4500003000400000005001700004008004100021040001800062041000800080100004600088245009000134260003500224OSt20260127095342.0211028s2017 xx 000 0 und d cAIMIT LIBRARY aeng aKumar, Mithesh;James, Justine P.g1516090 aStudy on promotional activities of ford cars with special reference to cauvery ford / aMangalorebJustine Jamesc2017